000 00576nam a2200193 i 4500
001 81217
003 ES-MaACL
005 20250625170000.0
007 t|
008 041103s1972 sp ||||1| spa d
080 _a929 Ballester Nicolás, José (082.2)
080 _a821.134.2 Ballester Nicolás, José 1.06(082.2)
245 0 0 _aHomenaje a José Ballester.
260 _aMurcia :
_b[s.n.],
_c1972.
300 _a148 p., 2 lám. ;
_c24 cm.
600 1 4 _aBallester Nicolás, José,
_d1892-1978
_925019
852 _aES-MaACL
_jC-53411
_bR.86504
999 _c81217
_d81217